Southville International School and Colleges
Your cart is empty.
  • Cart
  • Lists
    Public lists Eva Luna New books Lux_list list_1
    Your lists Log in to create your own lists
  • Log in to your account
  • Your cookies
  • Search history
Southville International School and Colleges
  • Advanced search
  • Recent comments
  • Most popular
  • Libraries

Log in to your account

Log in with GOOGLE


If you do not have an external account, but do have a local account, you can still log in:

  1. Home
  2. MARC view: Rooster's off to see the world/.
Normal view MARC view ISBD view

Rooster's off to see the world/. (Record no. 115151)

[ view plain ]
MARC details
000 -LEADER
fixed length control field 00461nam a2200181 a 4500
005 - DATE AND TIME OF LATEST TRANSACTION
control field 20140414132123.0
008 - FIXED-LENGTH DATA ELEMENTS--GENERAL INFORMATION
fixed length control field 130213s19uu xx 00 eng d
020 ## - INTERNATIONAL STANDARD BOOK NUMBER
International Standard Book Number 9780689826849
050 ## - LIBRARY OF CONGRESS CALL NUMBER
Classification number TR
Item number Ro781 1972
100 ## - MAIN ENTRY--PERSONAL NAME
Personal name Carle, Eric
245 ## - TITLE STATEMENT
Title Rooster's off to see the world/.
260 ## - PUBLICATION, DISTRIBUTION, ETC. (IMPRINT)
Place of publication, distribution, etc New York :
Name of publisher, distributor, etc Alladins paperback,
Date of publication, distribution, etc 1972.
300 ## - PHYSICAL DESCRIPTION
Extent 23p.
650 ## - SUBJECT ADDED ENTRY--TOPICAL TERM
Topical term or geographic name as entry element Numbers.
650 ## - SUBJECT ADDED ENTRY--TOPICAL TERM
Topical term or geographic name as entry element Counting.
650 ## - SUBJECT ADDED ENTRY--TOPICAL TERM
Topical term or geographic name as entry element Animals-
General subdivision fiction.
Holdings
Withdrawn status Lost status Damaged status Use restrictions Home library Current library Shelving location Date acquired Source of acquisition Cost, normal purchase price Total Checkouts Full call number Barcode Date last seen Price effective from Koha item type
        Munich Library Munich Library Teachers Reference Section 02/13/2013   289.00   TR Ro781 1972 M7154 04/14/2014 04/14/2014 Books

Rooster's off to see the world/.

APA

Carle E., . (1972). Rooster's off to see the world. New York: Alladins paperback.

Chicago

Carle Eric, . 1972. Rooster's off to see the world. New York: Alladins paperback.

Harvard

Carle E., . (1972). Rooster's off to see the world. New York: Alladins paperback.

MLA

Carle Eric, . Rooster's off to see the world. New York: Alladins paperback. 1972.

  • Place hold
  • Print
  • Cite
  • Add to your cart (remove)
  • Save record
    BIBTEX Dublin Core MARCXML MARC (non-Unicode/MARC-8) MARC (Unicode/UTF-8) MARC (Unicode/UTF-8, Standard) MODS (XML) RIS
  • More searches
    Search for this title in:
    Other Libraries (WorldCat) Other Databases (Google Scholar) Online Stores (Bookfinder.com) Open Library (openlibrary.org)

Exporting to Dublin Core...

SOUTHVILLE LIBRARY

Southville International School and Colleges Library

1281 Tropical Ave. Cor. Luxembourg St., BF Homes International, Las Pinas City

Tel. No. 8256374 / 252358 Loc. 117/146

Powered by Koha